000 00462nam a2200157Ia 4500
008 241217s9999||||xx |||||||||||||| ||und||
020 _a9789674154165
_c22.5
040 _beng
_cSSK Library
_erda
082 _a650.14/TOH
100 _a Hans Toh -
245 0 _aGet Hired!: Modern Resume Writing & Interview Techniques
260 _b Mph Distributors Sdn. Bhd.
_c©2018
942 _2Dewey Decimal Classification
_cBOOK
_nNo
999 _c28127
_d28127
003 OSt
005 20241217113105.0